Statistics for Iran True or False?

Click here to take the quiz!

General Stats

  • This quiz has been taken 282 times
  • The average score is 10 of 15

Answer Stats

QuestionAnswer% Correct
Tehran is a megacity (by urban area)True
90%
Women are required by law to wear a headscarf (hijab) in public in IranTrue
89%
The majority of Iran speak fluent ArabicFalse
86%
Iran is a theocracyTrue
86%
Iran is the only non-African country with a native population of cheetahTrue
81%
Public executions are common in IranTrue
80%
Zoroastrianism is considered world's first monotheist (believing in only one god) religionTrue
74%
Ruhollah Khomeini is the President of IranFalse
71%
Either Euphrates or Tigris flow through IranFalse
65%
Alcohol was discovered by a Persian polymath named Al-RaziTrue
52%
All the countries Iran borders are Muslim-majorityFalse
49%
Iran won the Iran-Iraq WarFalse
48%
Cyrus the Great was the father of Darius the GreatFalse
46%
Iran never recognized IsraelFalse
24%
Almost 50% of total global oil consumption passes through the Strait of HormuzFalse
12%

Score Distribution

Percentile by Number Answered

Percent of People with Each Score

Your Score History

You have not taken this quiz